000 00986cam a22002294a 4500
003 OSt
005 20201123135500.0
008 030326s2002 ck a 000 0 spa
020 _a9586354598
040 _aDLC
_cCO-JMCR
041 0 _aspa
082 0 4 _223
_a342.861
_bD852a
100 1 _aDueñas Ruiz, Oscar José,
_eautor
_912418
245 1 0 _aAnatomía de las constituciones y su jurisprudencia :
_bconstitucionalismo explicativo a través de pinturas, ideología de la jurisprudencia constitucional colombiana /
_cOscar José Dueñas Ruiz.
250 _aPrimera edición
260 _aBogotá :
_bEdiciones Librería del Profesional,
_c2002
300 _aix, 110 páginas :
_bilustraciones a color y blanco y negro ;
_c24 cm.
505 _aAnatomía de la constitución contemporánea -- ideología de la jurisprudencia constitucional Colombiana
650 2 4 _aTribunales constitucionales
_zColombia.
_99102
650 2 4 _aHistoria constitucional
_zColombia
_98238
942 _2ddc
_cBK
999 _c7015
_d7015